[Event "SR 3. liga A2 2005/2006"]
[Site "?"]
[Date "2005.??.??"]
[Round "?"]
[White "Pribila, Michal"]
[Black "Puobis, Jozef"]
[Result "1/2-1/2"]
[WhiteElo "2010"]
[BlackElo "2035"]
[Annotator " 17.2"]
[PlyCount "65"]
[EventDate "2005.??.??"]

1. e4 e5 2. Nc3 Nf6 3. f4 Bb4 4. fxe5 Bxc3 5. exf6 Bxf6 6. Nf3 Qe7 7. Qe2 Nc6
8. c3 d6 9. d4 Bg4 10. Bf4 O-O 11. O-O-O b5 12. h3 Bxf3 13. gxf3 Rfb8 14. Be3
Na5 15. Qd2 Rb7 16. b3 c5 17. e5 dxe5 18. dxc5 Nc6 19. Bd3 b4 20. Be4 bxc3 21.
Qxc3 Rc8 22. Kb1 Rbc7 23. Bxc6 Rxc6 24. Qd3 g6 25. Qd7 Kf8 26. Kc2 Rxc5+ 27.
Kb1 R5c7 28. Qxe7+ Kxe7 29. Rc1 Ke6 30. Bxa7 Rxc1+ $11 31. Rxc1 Rxc1+ 32. Kxc1
Kd5 33. Kd2 $11 1/2-1/2

[Event "SR 3. liga A2 2005/2006"]
[Site "?"]
[Date "2005.??.??"]
[Round "?"]
[White "Kosar, Mikulas ml"]
[Black "Pribila, Gerhard"]
[Result "0-1"]
[WhiteElo "1965"]
[BlackElo "1960"]
[Annotator " 17.3"]
[PlyCount "76"]
[EventDate "2005.??.??"]

1. e4 c5 2. Nf3 d6 3. d4 cxd4 4. Nxd4 Nf6 5. Nc3 g6 6. Be3 Bg7 7. f3 O-O 8. Qd2
Nc6 9. Be2 d5 10. Nxc6 bxc6 11. e5 Nd7 12. f4 e6 13. Na4 Qc7 14. Nc5 Re8 15.
O-O Bf8 16. Nxd7 Bxd7 17. c4 a5 18. a3 dxc4 19. Bxc4 c5 20. Qe2 Bc6 21. h4 Bd5
22. Rfc1 Red8 23. Rc3 Rab8 24. h5 Qb6 25. hxg6 hxg6 26. Rb1 Be4 27. Bd3 Rxd3
28. Rxd3 Qb5 29. Rbd1 Rd8 30. Rxd8 Qxe2 31. Bf2 Bd5 32. Rc1 Qg4 33. Kf1 Qxg2+
34. Ke2 Kg7 35. Rg1 Qf3+ 36. Ke1 Qe4+ 37. Kd2 Qxf4+ 38. Be3 Qh2+ 0-1

[Event "SR 3. liga A2 2005/2006"]
[Site "?"]
[Date "2005.??.??"]
[Round "?"]
[White "Vach, Jozef"]
[Black "Kubica, Adrian"]
[Result "1-0"]
[WhiteElo "1970"]
[BlackElo "1945"]
[Annotator " 17.4"]
[PlyCount "114"]
[EventDate "2005.??.??"]

1. d4 Nf6 2. c4 e6 3. Nc3 Bb4 4. Qc2 d5 5. e3 c6 6. cxd5 exd5 7. Bd3 O-O 8. Bd2
Bg4 9. f3 Bh5 10. Nge2 Bg6 11. h4 Bxd3 12. Qxd3 Bxc3 13. bxc3 Nbd7 14. g4 Re8
15. Ng3 Kh8 16. g5 Ng8 17. e4 dxe4 18. fxe4 Nc5 19. Qf3 Nxe4 20. Nxe4 Qd5 21.
O-O Rxe4 22. Qf5 Re2 23. Qxd5 cxd5 24. Rad1 f6 25. Rf2 Rae8 26. Kf1 Rxf2+ 27.
Kxf2 f5 28. Kf3 Re4 29. Bf4 Ne7 30. h5 g6 31. h6 Kg8 32. Rb1 b6 33. a4 Nc6 34.
Rb5 Re8 35. Rxd5 Rd8 36. Rxd8+ Nxd8 37. d5 Kf7 38. Bb8 a6 39. Bc7 Nb7 40. Bxb6
Ke7 41. c4 Nd6 42. c5 Nf7 43. Kf4 Kd7 44. Ba5 Ke7 45. Bc3 Kd7 46. Bf6 Kc7 47.
Ke3 Kd7 48. Kd3 Kc7 49. Kc4 Kb7 50. a5 Kc7 51. Kd4 Kd7 52. Be5 Nxg5 53. c6+ Kc8
54. d6 Nf7 55. Kd5 g5 56. Ke6 Nd8+ 57. Kd5 f4 1-0

[Event "SR 3. liga A2 2005/2006"]
[Site "?"]
[Date "2005.??.??"]
[Round "?"]
[White "Bott, Tamas"]
[Black "Jozefovic, Milan"]
[Result "0-1"]
[WhiteElo "1930"]
[BlackElo "1775"]
[Annotator " 17.5"]
[PlyCount "58"]
[EventDate "2005.??.??"]

1. e4 e5 2. Nf3 Nc6 3. d4 exd4 4. Bc4 Qe7 5. O-O Ne5 6. Nbd2 c5 7. Nxe5 Qxe5 8.
f4 Qc7 9. Nf3 d6 10. Ng5 Nh6 11. e5 Be7 12. e6 O-O 13. exf7+ Kh8 14. Be6 Bxg5
15. fxg5 Nxf7 16. Bc4 Qe7 17. Bd3 Ne5 18. Rxf8+ Qxf8 19. Bxh7 Bg4 20. Qe1 Kxh7
21. Qh4+ Kg6 22. h3 Bf5 23. Qf2 Be4 24. Qe2 Qf5 25. Bd2 Rf8 26. h4 Qg4 27. Qxg4
Nxg4 28. Re1 d5 29. c3 Rf7 0-1

[Event "SR 3. liga A2 2005/2006"]
[Site "?"]
[Date "2005.??.??"]
[Round "?"]
[White "Kocak, Branislav"]
[Black "Kosar, Mikulas"]
[Result "1-0"]
[WhiteElo "1705"]
[BlackElo "2010"]
[Annotator " 17.6"]
[PlyCount "85"]
[EventDate "2005.??.??"]

1. d4 d5 2. c4 Nf6 3. Nf3 Nc6 4. Nc3 Bg4 5. e3 e6 6. h3 Bh5 7. a3 Be7 8. Bd3
O-O 9. O-O Bxf3 10. Qxf3 a6 11. b4 Qd7 12. Rd1 Rad8 13. Bb2 Qc8 14. Rac1 Bd6
15. c5 Be7 16. Ne2 Nb8 17. Ng3 c6 18. a4 Qd7 19. Qe2 Rc8 20. b5 Rfd8 21. Ra1
Bf8 22. Bc3 Qe8 23. Rdb1 Rd7 24. bxa6 bxa6 25. Bxa6 Nxa6 26. Qxa6 Re7 27. Qd3
Ra8 28. a5 Rea7 29. e4 Qc8 $11 30. e5 Nd7 31. f4 f5 32. exf6 Nxf6 33. Re1 g6
34. Qe3 Re7 35. Qd3 Kf7 36. Re2 Qc7 37. Bd2 Bh6 38. Rf1 Qc8 39. f5 Bxd2 40.
fxg6+ Kg7 41. Nf5+ Kf8 42. Nxe7 Kxe7 43. Qxd2 1-0

[Event "SR 3. liga A2 2005/2006"]
[Site "?"]
[Date "2005.??.??"]
[Round "?"]
[White "Fekete, Stefan"]
[Black "Zajicek, Ferdinand"]
[Result "0-1"]
[WhiteElo "1735"]
[BlackElo "1725"]
[Annotator " 17.7"]
[PlyCount "102"]
[EventDate "2005.??.??"]

1. e4 e5 2. Nf3 Nc6 3. d4 exd4 4. Bc4 Be7 5. Nxd4 d6 6. O-O Nf6 7. Nc3 O-O 8.
Re1 a6 9. Nd5 Ne5 10. Nxe7+ Qxe7 11. Nf5 Bxf5 12. exf5 Rae8 13. Bg5 Qd7 14.
Bxf6 gxf6 15. Qh5 Nxc4 16. Qg4+ Kh8 17. Qxc4 Re5 18. Rxe5 fxe5 19. Re1 Rg8 20.
g4 d5 21. Qe2 Qxf5 22. Qxe5+ Qxe5 23. Rxe5 Rxg4+ 24. Kf1 c6 25. Re7 Rb4 26. b3
Kg7 27. a3 Rb6 28. Ke2 Kf6 29. Re3 c5 30. Rh3 Kg7 31. Rh5 Rd6 32. Rg5+ Kf6 33.
Rh5 Kg6 34. Rh3 b5 35. Rg3+ Kf6 36. Rh3 Kg7 37. Rg3+ Rg6 38. Rf3 h6 39. Rf5 Rd6
40. Kf1 Kg6 41. Rf3 f5 42. Rg3+ Kf6 43. Rg8 Ke5 44. Rc8 c4 45. b4 Kd4 46. Rf8
Kc3 47. Rxf5 Kxc2 48. Re5 d4 49. f4 d3 50. f5 d2 51. Re2 Kc1 0-1

[Event "SR 3. liga A2 2005/2006"]
[Site "?"]
[Date "2005.??.??"]
[Round "?"]
[White "Papanek, Lubomir"]
[Black "Sido, Daniel"]
[Result "0-1"]
[WhiteElo "1690"]
[BlackElo "1670"]
[Annotator " 17.8"]
[PlyCount "122"]
[EventDate "2005.??.??"]

1. d4 d5 2. c4 Nf6 3. Nf3 h6 4. e3 Bf5 5. Nc3 e6 6. Bd3 Bg4 7. h3 Bxf3 8. Qxf3
Bb4 9. Bd2 c6 10. O-O O-O 11. a3 Be7 12. b4 a6 13. c5 Nh7 14. e4 Bg5 15. Be3
Qf6 16. Qe2 Qd8 17. f4 Bh4 18. f5 Nd7 19. fxe6 fxe6 20. Qg4 Ng5 21. Kh1 dxe4
22. Nxe4 Nh7 23. Qxe6+ Kh8 24. Qg6 Qe8 25. Rxf8+ Ndxf8 26. Qg4 Bg5 27. Bf2 Nf6
28. Nxf6 Bxf6 29. Re1 Qf7 30. Qe4 Rd8 31. Qf5 Rd5 32. Qf3 Rd8 33. Qe4 Rd7 34.
Qe8 g5 35. Qxf7 Rxf7 36. Re8 Kg7 37. g4 Ng6 38. Bxg6 Kxg6 39. Re1 Rd7 40. Rd1
Kf7 41. Kg2 Ke6 42. Kf3 Kd5 43. Bg1 Rf7 44. Ke2 Bg7 45. Rd3 Kc4 46. Kd2 Rf1 47.
Rc3+ Kd5 48. Be3 Rf3 49. a4 Rxh3 50. b5 cxb5 51. axb5 axb5 52. Rd3 b4 53. Ke2
Rg3 54. Rb3 Kc4 55. Rb1 Rxg4 56. Rd1 Bxd4 57. Rc1+ Bc3 58. Rd1 Bd4 59. Rc1+ Kd5
60. Kd3 Rg3 61. Re1 Bxe3 0-1

[Event "SR 3. liga A2 2005/2006"]
[Site "?"]
[Date "2005.??.??"]
[Round "?"]
[White "Ivan, Imrich ml"]
[Black "Kubis, Ivan"]
[Result "1/2-1/2"]
[WhiteElo "2010"]
[BlackElo "2065"]
[Annotator " 18.1"]
[PlyCount "64"]
[EventDate "2005.??.??"]

1. Nf3 Nf6 2. g3 e6 3. Bg2 Be7 4. O-O d5 5. d4 O-O 6. Ne5 c5 7. c3 Nc6 8. f4
Qb6 9. e3 Nd7 10. h4 Ndxe5 11. dxe5 f6 12. exf6 Bxf6 13. Nd2 d4 14. Ne4 e5 15.
Nxf6+ Rxf6 16. Qb3+ Be6 17. Qxb6 axb6 18. Bd2 exf4 19. exd4 cxd4 20. Bxf4 dxc3
21. bxc3 Rxa2 22. Rxa2 Bxa2 23. Ra1 Bc4 24. Be4 g6 25. Bh6 Re6 26. Ra8+ Kf7 27.
Rf8+ Ke7 28. Bf3 Rf6 29. Rxf6 Kxf6 30. Kf2 Ne5 31. Bg5+ Kf5 32. Bxb7 Ng4+
1/2-1/2

[Event "SR 3. liga A2 2005/2006"]
[Site "?"]
[Date "2005.??.??"]
[Round "?"]
[White "Hrubsa, Vladimir"]
[Black "Csefalvay, Stefan"]
[Result "1-0"]
[WhiteElo "2055"]
[BlackElo "1925"]
[Annotator " 18.2"]
[PlyCount "103"]
[EventDate "2005.??.??"]

1. e4 e6 2. d4 d5 3. Nd2 c5 4. dxc5 Bxc5 5. Nb3 Bb6 6. exd5 Qxd5 7. Qxd5 exd5
8. Bg5 f6 9. Bh4 Ne7 10. Nf3 Nbc6 11. c3 Nf5 12. Bg3 Kf7 13. O-O-O Nxg3 14.
fxg3 Be3+ 15. Kc2 Be6 16. Bd3 Rac8 17. Kb1 Rcd8 18. Rhe1 Bb6 19. Rf1 h6 20. Bb5
Bf5+ 21. Ka1 Bg4 22. h3 Bxf3 23. gxf3 Rhe8 24. Kb1 a6 25. Bxc6 bxc6 26. Kc2
Re2+ 27. Rd2 Rde8 28. Kd1 R2e3 29. Nc1 R3e6 30. Re2 Be3 31. Nd3 c5 32. Rfe1 a5
33. b3 g5 34. g4 R8e7 35. Kc2 Ke8 36. Nxc5 Re5 37. Nd3 R5e6 38. Nb2 Kd7 39. Rd1
Kc6 40. Rde1 Kd6 41. Kd3 Ba7 42. Rxe6+ Rxe6 43. Rxe6+ Kxe6 44. c4 Ke5 45. cxd5
Kxd5 46. Nc4 a4 47. bxa4 Kc5 48. Ne3 Kd6 49. Ke4 Ke6 50. Nf5 h5 51. Ng7+ Kf7
52. Nxh5 1-0

[Event "SR 3. liga A2 2005/2006"]
[Site "?"]
[Date "2005.??.??"]
[Round "?"]
[White "Vizvari, Ludovit"]
[Black "Pekar, Tibor"]
[Result "1-0"]
[WhiteElo "1840"]
[BlackElo "1985"]
[Annotator " 18.3"]
[PlyCount "57"]
[EventDate "2005.??.??"]

1. d4 d5 2. c4 e6 3. Nc3 Nf6 4. Nf3 Nc6 5. Bg5 Be7 6. e3 h6 7. Bh4 Ne4 8. Bxe7
Qxe7 9. Rc1 Nxc3 10. Rxc3 O-O 11. a3 a6 12. Qc2 Rd8 13. Be2 e5 14. dxe5 dxc4
15. Rxc4 Be6 16. Rc5 Bf5 17. Qc3 Rac8 18. Bxa6 bxa6 19. Rxc6 Be4 20. Rc5 Rd3
21. Qc4 Bxf3 22. gxf3 Rcd8 23. O-O h5 24. h4 Rd1 25. Rxc7 R1d7 26. Rxd7 Rxd7
27. Rc1 Rd8 28. Qf4 Kh7 29. Qg5 1-0

[Event "SR 3. liga A2 2005/2006"]
[Site "?"]
[Date "2005.??.??"]
[Round "?"]
[White "Vepy, Ivan"]
[Black "Ivan, Imrich"]
[Result "0-1"]
[WhiteElo "1925"]
[BlackElo "1800"]
[Annotator " 18.4"]
[PlyCount "64"]
[EventDate "2005.??.??"]

1. e4 e6 2. d4 d5 3. exd5 exd5 4. Nf3 Bg4 5. Be2 Bd6 6. O-O Nf6 7. Bg5 Nbd7 8.
Nc3 c6 9. Ne5 Be6 10. f4 Nb6 11. Qe1 h6 12. Bh4 Qe7 13. f5 Bd7 14. Bh5 O-O 15.
a4 a5 16. Qf2 Qd8 17. Rae1 Be7 18. Bd1 Rc8 19. Qe2 Re8 20. Qd3 c5 21. dxc5
Bxc5+ 22. Kh1 Be7 23. Bf3 Bc6 24. Re2 Kf8 25. Rfe1 Qd6 26. Bg3 Qb4 27. b3 Bd6
28. Nxc6 bxc6 29. Bxd6+ Qxd6 30. Ne4 Nxe4 31. Bxe4 Qb4 32. Bf3 Qxe1+ 0-1

[Event "SR 3. liga A2 2005/2006"]
[Site "?"]
[Date "2005.??.??"]
[Round "?"]
[White "Varkonyi, Miklos"]
[Black "Pagac, Robert"]
[Result "0-1"]
[WhiteElo "1735"]
[BlackElo "1805"]
[Annotator " 18.5"]
[PlyCount "148"]
[EventDate "2005.??.??"]

1. e4 e5 2. Nf3 Nc6 3. Bb5 a6 4. Ba4 Nf6 5. O-O b5 6. Bb3 Bc5 7. c3 d6 8. h3 h6
9. d4 Bb6 10. a3 O-O 11. Qd3 Re8 12. Re1 Bd7 13. Nbd2 Nh5 14. Nf1 Qf6 15. Bd1
g6 16. d5 Ne7 17. Bxh6 Kh7 18. Qd2 Nf4 19. Bg5 Qh8 20. Bxf4 exf4 21. Qxf4 Kg7
22. Qh4 Qxh4 23. Nxh4 Nxd5 24. Bc2 Nf4 25. Ne3 Rh8 26. Nf3 Rae8 27. h4 Bc6 28.
g3 Nh5 29. Nd5 Bxd5 30. exd5 Nxg3 31. Kg2 Ne2 32. Kf1 Nf4 33. Rxe8 Rxe8 34. Re1
Rxe1+ 35. Nxe1 Nxd5 36. Be4 Ne7 37. Nd3 a5 38. Nf4 Kf6 39. Nd3 Ke6 40. Kg2 d5
41. Bf3 c6 42. h5 gxh5 43. Bxh5 f6 44. Nf4+ Ke5 45. Ng6+ Nxg6 46. Bxg6 c5 47.
Kf3 b4 48. axb4 cxb4 49. cxb4 axb4 50. Ke2 Kd4 51. Bd3 Bc7 52. Bc2 Kc4 53. Kd2
Bf4+ 54. Kd1 d4 55. Ba4 Bg5 56. Kc2 d3+ 57. Kb1 b3 58. Bd7 d2 59. Bg4 Kd3 60.
Bd1 f5 61. f3 Ke3 62. Ka1 Kf2 63. Bxb3 Ke1 64. Ka2 d1=Q 65. Bxd1 Kxd1 66. b4
Bf4 67. b5 Ke2 68. b6 Kxf3 69. Kb3 Ke3 70. Kc4 Bb8 71. Kd5 f4 72. Kc6 f3 73.
Kb7 Bf4 74. Kc8 f2 0-1

[Event "SR 3. liga A2 2005/2006"]
[Site "?"]
[Date "2005.??.??"]
[Round "?"]
[White "Meszaros, Lorant"]
[Black "Kovacocy, Pavel"]
[Result "0-1"]
[WhiteElo "2110"]
[BlackElo "2250"]
[Annotator " 19.1"]
[PlyCount "138"]
[EventDate "2005.??.??"]

1. d4 Nf6 2. c4 g6 3. g3 Bg7 4. Bg2 O-O 5. Nf3 d6 6. O-O Nbd7 7. Nc3 e5 8. e4
c6 9. h3 Qb6 10. Re1 exd4 11. Nxd4 Ng4 12. Nce2 Nge5 13. b3 Nc5 14. Be3 Re8 15.
Nf4 a5 16. Rb1 Qc7 17. Qc2 Ne6 18. Nfxe6 fxe6 19. Rbd1 Nf7 20. Nf3 e5 21. Ng5
Be6 22. Nxe6 Rxe6 23. h4 Bh6 24. c5 Bxe3 25. Rxe3 dxc5 26. Qxc5 Rd6 27. Red3
Rxd3 28. Rxd3 Rd8 29. Rxd8+ Nxd8 30. Bh3 b6 31. Qc4+ Kg7 32. Qd3 Nb7 33. Qe3
Nc5 34. h5 Qd6 35. h6+ Kf7 36. Qf3+ Ke7 37. Qe3 Qd4 38. Qg5+ Kf7 39. Qc1 Nxe4
40. Qc2 c5 41. Bf1 Kf6 42. Kg2 Kg5 43. Bd3 Nd6 44. Qd2+ Kf6 45. Qe2 e4 46. Bb1
Kg5 47. f3 exf3+ 48. Qxf3 Kxh6 49. Qf8+ Kh5 50. Qe7 Kh6 51. Qf8+ Kg5 52. Qe7+
Qf6 53. Qxh7 Qb2+ 54. Kh3 Qxb1 55. Qe7+ Kh6 56. Qf8+ Kh7 57. Qxd6 Qf1+ 58. Kh2
Qf2+ 59. Kh3 Kh6 60. Qd8 Qf1+ 61. Kh2 Qe2+ 62. Kh3 Qe6+ 63. Kh2 g5 64. Qd2 Qf6
65. Kg2 Kg6 66. Qe2 Qc6+ 67. Kh2 Qd6 68. Qc2+ Kg7 69. Qe4 Qf6 {biely po d h
rychlych,ale necitatelnych tahoch v totalnej casovej tiesni oboch hracov v
prehratej pozicii vzdal} 0-1

[Event "SR 3. liga A2 2005/2006"]
[Site "?"]
[Date "2005.??.??"]
[Round "?"]
[White "Sarmir, Milos"]
[Black "Szekely, Stefan"]
[Result "0-1"]
[WhiteElo "2115"]
[BlackElo "2080"]
[Annotator " 19.2"]
[PlyCount "72"]
[EventDate "2005.??.??"]

1. e4 d6 2. d4 Nf6 3. Nc3 g6 4. f4 Bg7 5. Nf3 Bg4 6. h3 Bd7 7. Bc4 c6 8. e5
dxe5 9. fxe5 Nd5 10. O-O Bf5 11. g4 Be6 12. Ng5 Nxc3 13. Nxe6 Nxd1 14. Nxd8
Kxd8 15. Rxf7 Nxb2 16. Bxb2 Bh6 17. Raf1 b5 18. Bb3 a5 19. a4 Na6 20. axb5 cxb5
21. e6 Nb4 22. d5 Re8 23. Bc3 Be3+ $11 24. Kg2 Bc5 25. Rf8 Kc7 26. Rxe8 Rxe8
27. Be5+ Bd6 28. Bxd6+ Kxd6 29. c3 Nd3 $11 30. c4 Nc5 31. Ba2 b4 32. Kf2 Rf8+
33. Ke2 Rxf1 34. Kxf1 b3 35. Bb1 a4 36. h4 a3 0-1

[Event "SR 3. liga A2 2005/2006"]
[Site "?"]
[Date "2005.??.??"]
[Round "?"]
[White "Both, Lajos"]
[Black "Vlkovic, Pavol"]
[Result "1-0"]
[WhiteElo "1990"]
[BlackElo "1885"]
[Annotator " 19.3"]
[PlyCount "77"]
[EventDate "2005.??.??"]

1. e4 e6 2. d3 d5 3. Nd2 Nf6 4. Ngf3 c5 5. g3 Nc6 6. Bg2 Be7 7. O-O O-O 8. Re1
Qc7 9. Qe2 dxe4 10. dxe4 e5 11. Nf1 h6 12. h4 Nd4 13. Nxd4 cxd4 14. Nh2 Be6 15.
Bd2 Rac8 16. Rec1 Rfd8 17. Bf3 Qd7 18. a3 Rc7 19. c3 d3 20. Qd1 Bc5 21. g4 Nh7
22. Kg2 Qe7 23. Kg3 Qf6 24. Qh1 g5 25. h5 Bb3 26. Qe1 Qb6 27. Nf1 Nf8 28. Ne3
Ne6 29. Nd5 Bxd5 30. exd5 Nf4 31. b4 Bf8 32. c4 Bg7 33. Ra2 Re8 34. Qe4 a5 35.
Be3 Qa6 36. b5 Qf6 37. c5 Bf8 38. d6 Rcc8 39. d7 1-0

[Event "SR 3. liga A2 2005/2006"]
[Site "?"]
[Date "2005.??.??"]
[Round "?"]
[White "Vagovsky, Jozef"]
[Black "Szitasi, Janos"]
[Result "1-0"]
[WhiteElo "1835"]
[BlackElo "2020"]
[Annotator " 19.4"]
[PlyCount "49"]
[EventDate "2005.??.??"]

1. d4 g6 2. c4 Bg7 3. Nc3 Nf6 4. e4 d6 5. h3 O-O 6. Nf3 Nbd7 7. g3 Re8 8. Bg2
Nb6 9. Qd3 c6 10. O-O Qc7 11. Be3 Nbd7 12. Rad1 e5 13. c5 d5 14. Nxe5 dxe4 15.
Qc4 Nxe5 16. dxe5 Qxe5 17. Bf4 Qe6 18. Qa4 Bf8 19. Bd6 e3 20. fxe3 Qxe3+ 21.
Kh2 Nd7 22. Ne4 Bxd6 23. Rxd6 Nxc5 24. Nf6+ Kh8 25. Qh4 1-0

[Event "SR 3. liga A2 2005/2006"]
[Site "?"]
[Date "2005.??.??"]
[Round "?"]
[White "Liska, Frantisek"]
[Black "Hrusovsky, Jan"]
[Result "1-0"]
[WhiteElo "2000"]
[BlackElo "1730"]
[Annotator " 19.5"]
[PlyCount "99"]
[EventDate "2005.??.??"]

1. d4 d5 2. Nf3 Nf6 3. Bf4 e6 4. e3 Bd6 5. Bg5 h6 6. Bh4 g5 7. Bg3 Ne4 8. Bd3
Nxg3 9. hxg3 Qf6 10. Nbd2 e5 11. dxe5 Bxe5 12. Nxe5 Qxe5 13. c3 Nd7 14. Nf3 Qf6
15. Qd2 Nc5 16. Bb5+ Nd7 17. Qxd5 c6 18. Qe4+ Kf8 19. Be2 Kg7 20. Qd4 Qxd4 21.
cxd4 Nf6 22. Rc1 Be6 23. Bc4 Nd5 24. a3 f5 25. Ne5 Kf6 26. Bxd5 cxd5 27. Kd2
Rac8 28. Rxc8 Bxc8 29. Rc1 h5 30. Rc7 Be6 31. Ke2 f4 32. exf4 gxf4 33. gxf4 h4
34. Kf3 h3 35. gxh3 Rxh3+ 36. Ke2 Kf5 37. Nd3 Ke4 38. Nc5+ Kf5 39. Nxe6 Kxe6
40. Rxb7 Kf5 41. f3 Kxf4 42. Rf7+ Kg5 43. Kd2 Kg6 44. Rf8 Rh2+ 45. Kc3 Rf2 46.
b4 Ra2 47. Kb3 Rd2 48. Kc3 Ra2 49. b5 Rxa3+ 50. Kb4 1-0

[Event "SR 3. liga A2 2005/2006"]
[Site "?"]
[Date "2005.??.??"]
[Round "?"]
[White "Bernath, Mikulas"]
[Black "Cisar, Marian"]
[Result "0-1"]
[WhiteElo "1905"]
[BlackElo "1655"]
[Annotator " 19.7"]
[PlyCount "128"]
[EventDate "2005.??.??"]

1. d4 d5 2. e3 Nf6 3. c4 e6 4. Nc3 Be7 5. cxd5 exd5 6. Bd3 O-O 7. Nge2 Bg4 8.
f3 Be6 9. O-O c5 10. Qc2 Nc6 11. dxc5 Bxc5 12. a3 Rc8 13. Kh1 a6 14. Nf4 Qd6
15. Qd2 Ne5 16. Be2 d4 17. exd4 Bxd4 18. Nxe6 fxe6 19. Rd1 Rcd8 20. Qe1 Ng6 21.
Be3 e5 22. Bc4+ Kh8 23. Ne2 Qc5 24. Bxd4 exd4 25. Bd3 Ne5 26. Rac1 Qb6 27. b4
Rc8 28. Rxc8 Rxc8 29. Bf5 Rd8 30. Nc1 Nc4 31. Rd3 Ne3 32. Be4 Nxe4 33. fxe4 Re8
34. Qf2 h6 35. Qf3 Qc6 36. Ne2 Rxe4 37. h3 Nc2 38. Qf8+ Kh7 39. Qf5+ Kh8 40.
Qf8+ Kh7 41. Qf5+ Kg8 42. Qf2 Qc4 43. Rf3 Re8 44. Ng1 d3 45. Qd2 Ne1 46. Rg3
Kh7 47. Re3 Rxe3 48. Qxe3 Nxg2 49. Qd2 Qe4 50. Kh2 Ne3 51. Qf2 Qg2+ 52. Qxg2
Nxg2 53. Nf3 Ne1 54. Nd2 Kg6 55. Kg3 Kf5 56. a4 Ke5 57. Kg4 g6 58. h4 b5 59. h5
gxh5+ 60. Kxh5 bxa4 61. Kxh6 Kd4 62. Kg5 a3 63. Kf4 a2 64. Nb3+ Kc3 0-1

[Event "SR 3. liga A2 2005/2006"]
[Site "?"]
[Date "2005.??.??"]
[Round "?"]
[White "Lesny, Stefan"]
[Black "Bisco, Igor"]
[Result "1/2-1/2"]
[WhiteElo "2095"]
[BlackElo "2110"]
[Annotator " 20.1"]
[PlyCount "164"]
[EventDate "2005.??.??"]

1. e4 e5 2. Nf3 Nc6 3. Bc4 Nf6 4. d3 Be7 5. c3 O-O 6. O-O d6 7. h3 Na5 8. Bb5
c5 9. Ba4 b5 10. Bxb5 Be6 11. Nbd2 Qb8 12. Ba4 d5 13. Bc2 Rd8 14. Qe2 Nh5 15.
exd5 Nf4 16. Qxe5 Rxd5 17. Qxb8+ Rxb8 18. Nb3 Ne2+ 19. Kh1 c4 20. Nxa5 Rxa5 21.
dxc4 Nxc1 22. b4 Ra3 23. Rfxc1 Rxc3 24. Nd4 Bf6 25. Nc6 Rb6 26. Be4 Rxc4 27.
Rxc4 Bxc4 28. Rc1 Bxa2 29. Nxa7 g6 30. Nc6 Bb3 31. Rb1 Ba4 32. Na7 Bd4 33. Nc8
Rb8 34. Ne7+ Kg7 35. Kg1 Re8 36. Bc6 Rxe7 37. Bxa4 Re2 38. Bc6 Rxf2 39. Kh1 Rf6
40. b5 Rd6 41. Kh2 Bb6 42. Kg3 f5 43. Kf3 Rd2 44. Kg3 $11 g5 45. Kh2 h5 46. Be8
h4 47. Bh5 Kf6 48. Rd1 Bc7+ 49. Kg1 Rb2 50. Be8 g4 51. hxg4 fxg4 52. Bd7 h3 53.
Bc6 g3 54. Rc1 Bb6+ 55. Kh1 hxg2+ 56. Bxg2 Rxb5 57. Bf3 Rb2 58. Bg2 Kg5 59. Ra1
Kf4 60. Ra4+ Ke3 61. Ra1 Kf4 62. Ra4+ Kg5 63. Ra1 Be3 64. Ra5+ Kg4 65. Ra4+ Bf4
66. Ra1 Rb6 67. Re1 Bc7 68. Re4+ Kg5 69. Bf3 Rb2 70. Re2 Rb6 71. Re4 Rh6+ 72.
Kg1 Rh2 73. Bg2 Bb6+ 74. Kf1 Rh6 75. Bf3 Bc7 76. Rc4 Be5 77. Rc6 Rh8 78. Rc4
Rb8 79. Re4 Kf5 80. Kg1 Rh8 81. Kf1 Rh2 82. Re2 Rxe2 $11 1/2-1/2

[Event "SR 3. liga A2 2005/2006"]
[Site "?"]
[Date "2005.??.??"]
[Round "?"]
[White "Gajarsky, Roman"]
[Black "Obdrzalkova, Anitta"]
[Result "1-0"]
[WhiteElo "2050"]
[BlackElo "2115"]
[Annotator " 20.2"]
[PlyCount "49"]
[EventDate "2005.??.??"]

1. e4 c5 2. c4 Nc6 3. f4 d6 4. Nf3 g6 5. Be2 Bg7 6. O-O Nf6 7. d3 O-O 8. Nc3 a6
9. a3 Rb8 10. Rb1 b5 11. cxb5 axb5 12. b4 cxb4 13. axb4 Ng4 14. d4 Qb6 15. Nd5
Qa7 16. Kh1 h5 17. h3 Nh6 18. Be3 Be6 19. Nc3 Bc4 20. Qd2 f5 21. Bxc4+ bxc4 22.
b5 Na5 23. Ra1 Qc7 24. Nd5 Qd8 25. Rxa5 1-0

[Event "SR 3. liga A2 2005/2006"]
[Site "?"]
[Date "2005.??.??"]
[Round "?"]
[White "Farkas, Gabor"]
[Black "Slamena, Michal"]
[Result "1-0"]
[WhiteElo "2125"]
[BlackElo "2060"]
[Annotator " 20.3"]
[PlyCount "87"]
[EventDate "2005.??.??"]

1. e4 e5 2. f4 Bc5 3. Nf3 d6 4. Nc3 Nc6 5. Bc4 Nf6 6. d3 a6 7. a3 Ng4 8. Ng5
Bf2+ 9. Kf1 O-O 10. h3 Ne3+ 11. Bxe3 Bxe3 12. Qh5 h6 13. Nxf7 Rxf7 14. Qxf7+
Kh7 15. Nd5 exf4 16. Nxc7 Ra7 17. Ne6 Bxe6 18. Bxe6 b5 19. Bf5+ Kh8 20. Qg6 Qg8
21. c3 Ne7 22. Qe6 Qd8 23. Ke2 Ng8 24. h4 Nf6 25. Qc8 Qxc8 26. Bxc8 a5 27. h5
Re7 28. Bf5 d5 29. Kf3 dxe4+ 30. dxe4 Nd7 31. Bxd7 Rxd7 32. Rad1 Rc7 33. g3 Rf7
34. Rhf1 Kg8 35. gxf4 Bxf4 36. Kg4 Bg5 37. Rxf7 Kxf7 38. Kf5 Be7 39. e5 b4 40.
cxb4 axb4 41. a4 Bc5 42. Rd7+ Kf8 43. Ke6 Kg8 44. Kd5 1-0

[Event "SR 3. liga A2 2005/2006"]
[Site "?"]
[Date "2005.??.??"]
[Round "?"]
[White "Peska, Juraj"]
[Black "Petenyi, Tamas"]
[Result "0-1"]
[WhiteElo "2020"]
[BlackElo "2075"]
[Annotator " 20.4"]
[PlyCount "152"]
[EventDate "2005.??.??"]

1. c4 c5 2. Nc3 Nc6 3. g3 g6 4. Bg2 Bg7 5. Nf3 e6 6. d3 Nge7 7. Ne4 d5 8. Ned2
O-O 9. O-O b6 10. Rb1 Bb7 11. a3 a5 12. b3 Qd7 13. cxd5 exd5 14. Bb2 d4 15. Nc4
Qc7 16. Bc1 Nd5 17. Bd2 b5 18. Ng5 Nce7 19. e4 Nc3 20. Bxc3 bxc4 21. Bd2 cxd3
22. Bf4 Qb6 23. Re1 h6 24. Nf3 Ba6 25. Ne5 g5 26. Nc4 Bxc4 27. bxc4 Qe6 28. Bc1
Qxc4 29. Bf1 Rab8 30. Qxd3 Qxd3 31. Bxd3 Rxb1 32. Bxb1 c4 33. f4 gxf4 34. gxf4
Rd8 35. Rd1 d3 36. Kf2 f5 37. e5 Nd5 38. Ba2 Rc8 39. Ke1 Nc3 40. Rd2 Ne4 41.
Rxd3 Kh8 42. Rd4 c3 43. Be6 Rf8 44. Bxf5 Nd2 45. Be4 Nb3 46. Rd1 Nxc1 47. Rxc1
Rxf4 48. Bc2 Bxe5 49. Rd1 Rh4 50. Rd5 Bc7 51. Rc5 Rxh2 52. Rxc3 Bd6 53. Kd1 Kg7
54. Rd3 Rh1+ 55. Ke2 Rh2+ 56. Kd1 Bf4 57. Rf3 Rd2+ 58. Ke1 Bg5 59. Bd3 Ra2 60.
Bb5 h5 61. Rf7+ Kh6 62. a4 h4 63. Kf1 Kh5 64. Rf2 Ra3 65. Kg2 h3+ 66. Kh2 Kh4
67. Bc6 Be3 68. Rf1 Ra2+ 69. Kh1 Rc2 70. Bb5 Kg3 71. Be2 Rxe2 72. Rf3+ Kg4 73.
Rg3+ Kf5 74. Rg7 Bf4 75. Rf7+ Kg4 76. Rg7+ Kf3 0-1

[Event "SR 3. liga A2 2005/2006"]
[Site "?"]
[Date "2005.??.??"]
[Round "?"]
[White "Rachela, Robert"]
[Black "Hertel, Ondrej"]
[Result "0-1"]
[WhiteElo "1935"]
[BlackElo "1960"]
[Annotator " 20.5"]
[PlyCount "68"]
[EventDate "2005.??.??"]

1. e4 c6 2. c4 d5 3. exd5 cxd5 4. cxd5 Qxd5 5. Nc3 Qa5 6. d4 $11 Nf6 7. Bc4 e6
8. Nge2 a6 9. a3 b5 10. b4 Qc7 11. Bb3 Bb7 12. Bf4 Bd6 13. Bxd6 Qxd6 14. O-O
Nbd7 15. Qd3 O-O 16. Rac1 Rac8 17. Rc2 Rc7 18. Rfc1 Rfc8 19. f3 Ne5 20. Qd1 Nc4
21. Bxc4 Rxc4 22. Nb1 Nd5 23. Rxc4 Rxc4 24. Nd2 Rxc1 25. Qxc1 Nb6 26. Qc5 Qd8
27. Nc3 h6 28. Nce4 Bxe4 29. fxe4 Na4 30. Qa7 Qc8 31. Nf3 Qc1+ 32. Kf2 Nc3 33.
Qa8+ Kh7 34. Qc6 Nd1+ 0-1

[Event "SR 3. liga A2 2005/2006"]
[Site "?"]
[Date "2005.??.??"]
[Round "?"]
[White "Kollarik, Gorazd"]
[Black "Kolesar, Rastislav"]
[Result "1/2-1/2"]
[WhiteElo "1980"]
[BlackElo "1875"]
[Annotator " 20.6"]
[PlyCount "72"]
[EventDate "2005.??.??"]

1. d4 d5 2. c4 e6 3. Nc3 Nf6 4. Bg5 Nbd7 5. e3 c6 6. Nf3 Qa5 7. Nd2 Bb4 8. Qc2
dxc4 9. Bxf6 Nxf6 10. Bxc4 Bd6 11. O-O Qh5 12. Nf3 O-O 13. Ne4 Nxe4 14. Qxe4
Re8 15. Rfd1 Rb8 16. Rac1 Rd8 17. Qh4 Qxh4 18. Nxh4 b6 19. g3 Bb7 20. Bf1 c5
21. dxc5 Bxc5 22. Bg2 Bxg2 23. Kxg2 Kf8 24. Nf3 f6 25. Nd4 Bxd4 26. Rxd4 Rxd4
27. exd4 Rb7 28. Kf3 Ke7 29. Ke4 Kd6 30. f4 Rc7 31. Rxc7 Kxc7 32. d5 Kd6 33.
dxe6 Kxe6 34. b4 f5+ 35. Kd3 Kd6 36. b5 h5 $11 1/2-1/2